Democratic decentralisation and Panchayati Raj in India / (Record no. 134960)

MARC details
000 -LEADER
fixed length control field 00766nam a22002417a 4500
005 - DATE AND TIME OF LATEST TRANSACTION
control field 20170124110237.0
010 ## - LIBRARY OF CONGRESS CONTROL NUMBER
LC control number B-209660
020 ## - INTERNATIONAL STANDARD BOOK NUMBER
Terms of availability 00.00
International Standard Book Number 8179750196
035 ## - SYSTEM CONTROL NUMBER
System control number B-209660
037 ## - SOURCE OF ACQUISITION
Source of stock number/acquisition Cen Lib/Ret
040 ## - CATALOGING SOURCE
Original cataloging agency DPL
Language of cataloging EN
082 ## - DEWEY DECIMAL CLASSIFICATION NUMBER
Classification number 352.00722
Item number DEM
245 ## - TITLE STATEMENT
Title Democratic decentralisation and Panchayati Raj in India /
Statement of responsibility, etc edited by M.P.Dubey [and] Munni Padalia
246 ## - VARYING FORM OF TITLE
Remainder of title
260 ## - PUBLICATION, DISTRIBUTION, ETC. (IMPRINT)
Name of publisher, distributor, etc Anamika Publishers
Date of publication, distribution, etc 2002
Place of publication, distribution, etc New Delhi
270 ## - ADDRESS
Address 4697/3, 21A , Ansari Road, Darya Ganj
City New Delhi
Postal code 110002
300 ## - PHYSICAL DESCRIPTION
Extent 285p.
Dimensions 20cm(Hb)
650 ## - SUBJECT ADDED ENTRY--TOPICAL TERM
Topical term or geographic name as entry element Panchayat
9 (RLIN) 42281
650 ## - SUBJECT ADDED ENTRY--TOPICAL TERM
Topical term or geographic name as entry element Decentralization in government
9 (RLIN) 34560
700 ## - ADDED ENTRY--PERSONAL NAME
Personal name Dubey, M. P.
9 (RLIN) 42282
700 ## - ADDED ENTRY--PERSONAL NAME
Personal name Padalia, Munni
9 (RLIN) 42283
942 ## - ADDED ENTRY ELEMENTS (KOHA)
Source of classification or shelving scheme Dewey Decimal Classification
Koha item type English Books
Classification part 352.00722
Call number suffix DEM
Holdings
Withdrawn status Lost status Damaged status Not for loan Home library Current library Date acquired Source of acquisition Cost, normal purchase price Total Checkouts Full call number Barcode Date last seen Copy number Cost, replacement price Price effective from Koha item type
        Central Library Central Library 01/08/2015 Cen Lib/Ret 0.00   352.00722 DEM B-209660 01/08/2015 1 0.00 01/08/2015 English Books

© Delhi Public Library
Hit Counter
free hit counter